The passengers on the Hankyu line /
"Welcome aboard the Hankyu train! Come along on a heartwarming, funny, and a perfectly cozy voyage with the charming and relatable passengers-including one dashing dachsund-whose lives intersect and affect each other on one of Japan's most romantic railway lines from the international best...
| Yazar: | |
|---|---|
| Diğer Yazarlar: | |
| Materyal Türü: | Kitap |
| Dil: | English Japanese |
| Baskı/Yayın Bilgisi: |
London :
Doubleday,
2025.
|
| Konular: | |
| Classic Catalogue: | View this record in Classic Catalogue |
| LEADER | 02869nam a22002777a 4500 | ||
|---|---|---|---|
| 001 | 45124 | ||
| 003 | BD-DhAAL | ||
| 005 | 20251229162609.0 | ||
| 008 | 251229t20082025enk||||| |||| 00| 0 eng d | ||
| 020 | |a 9781529934915 | ||
| 040 | |a BD-DhAAL |c BD-DhAAL | ||
| 041 | |a eng |h jpn | ||
| 082 | 1 | 4 | |a 895.636 |2 23 |
| 100 | 1 | |a Arikawa, Hiro |9 59903 | |
| 245 | 1 | 4 | |a The passengers on the Hankyu line / |c Hiro Arikawa ; translated from Japanese by Allison Markin Powell. |
| 260 | |a London : |b Doubleday, |c 2025. | ||
| 300 | |a 240 pages ; |c 21 cm | ||
| 520 | |a "Welcome aboard the Hankyu train! Come along on a heartwarming, funny, and a perfectly cozy voyage with the charming and relatable passengers-including one dashing dachsund-whose lives intersect and affect each other on one of Japan's most romantic railway lines from the international bestselling author Hiro Arikawa. Between the two beautiful Japanese towns of Takarazuka and Nishinomiya, in a stunning mountainous area of Japan, rattles the Hankyu train. Passengers step on and off, lost in thought, contemplating the tiny knots of their existence. On the outward journey we are introduced to the emotional dilemmas of five characters, and on the return journey six months later, we watch them resolve. A young man meets the young woman who always happens to borrow a library book just before he can take it out himself; a woman in a white bridal dress boards looking inexplicably sad; a university student leaves his hometown for the first time; a girl prepares to leave her abusive boyfriend; and an old lady discusses adopting a dog with her granddaughter. These fully developed stories crisscross each other like the railway lines in the book. As ever with Arikawa's writing, the characters are vivid and delightful, their predicaments touching on universal human desires and emotions that feel utterly familiar. Her warmth spills over, alongside a fierce wit, a bit of fun railway geekery, and plenty of delicious detail about the beauties and traditions of the Japan we travel through with these unforgettable passengers"-- $c Provided by publisher. | ||
| 541 | |a Donated by Farhana Zahir, Assistant Professor, BRAC Business School, BRAC University |e 45124 | ||
| 650 | |a Man-woman relationships |v Fiction. | ||
| 650 | |a Rail passengers |z Japan |v Fiction. |9 60018 | ||
| 650 | |a Man-woman relationships |z Japan |v Fiction. |9 60019 | ||
| 700 | 1 | |a Powell, Allison Markin, |e translator. |9 60020 | |
| 942 | |2 ddc |c BK | ||
| 999 | |c 47689 |d 47689 | ||
| 952 | |0 0 |1 0 |2 ddc |4 0 |6 895_636000000000000_ARI |7 0 |9 78650 |a BRACUL |b BRACUL |c NEW |d 2025-12-29 |e Donated by Farhana Zahir, Assistant Professor, BRAC Business School, BRAC University |l 3 |m 11 |o 895.636 ARI |p 3010045124 |q 2026-06-02 |r 2026-04-20 |s 2026-04-20 |t 1 |w 2025-12-29 |y BK |x Donated copy received from Farhana Zahir, Assistant Professor, BRAC Business School, BRAC University on 19 November 2025; £14.99 | ||